000 00295nam a2200121Ia 4500
008 190216s9999||||xx |||||||||||||| ||und||
100 _aSankaran S
245 0 _aAgriculture Economy Of India
260 _b"Progress Publishers, Moscow"
_c1979
300 _a220p
650 _aCommerce
942 _cBK
999 _c4575
_d4575